Lettres. Intr. Calvet-Sebasti Marie-Ange. (greco-francese) (Record n. 28609)
[ formato base ]
| 000 -LEADER | |
|---|---|
| fixed length control field | 00556nam a2200253Ia 4500 |
| 003 - CONTROL NUMBER IDENTIFIER | |
| control field | IT-RoPAU |
| 008 - FIXED-LENGTH DATA ELEMENTS--GENERAL INFORMATION | |
| fixed length control field | 120407s9999 xx 000 0 und d |
| 040 ## - CATALOGING SOURCE | |
| Original cataloging agency | IT-RoPAU |
| 040 ## - CATALOGING SOURCE | |
| Transcribing agency | IT-RoPAU |
| 041 ## - LANGUAGE CODE | |
| Language code of text/sound track or separate title | fra |
| 041 ## - LANGUAGE CODE | |
| Language code of summary or abstract | gre |
| 100 ## - MAIN ENTRY--PERSONAL NAME | |
| Personal name | Firmiliano di Cesarea |
| 100 ## - MAIN ENTRY--PERSONAL NAME | |
| Dates associated with a name | sec. III |
| 245 ## - TITLE STATEMENT | |
| Title | Lettres. Intr. Calvet-Sebasti Marie-Ange. (greco-francese) |
| 250 ## - EDITION STATEMENT | |
| Edition statement | Paris |
| 260 ## - PUBLICATION, DISTRIBUTION, ETC. (IMPRINT) | |
| Place of publication, distribution, etc. | Du Cerf |
| 260 ## - PUBLICATION, DISTRIBUTION, ETC. (IMPRINT) | |
| Date of publication, distribution, etc. | 1989 |
| 300 ## - PHYSICAL DESCRIPTION | |
| Extent | 206 p. |
| 300 ## - PHYSICAL DESCRIPTION | |
| Dimensions | 19,5 cm |
| 490 ## - SERIES STATEMENT | |
| Series statement | Sources C. |
| 490 ## - SERIES STATEMENT | |
| Volume/sequential designation | 1350 |
| 942 ## - ADDED ENTRY ELEMENTS (KOHA) | |
| Koha item type | LIBRO |
| Withdrawn status | Lost status | Source of classification or shelving scheme | Damaged status | Not for loan | Home library | Current library | Date acquired | Total Checkouts | Full call number | Date last seen | Price effective from | Koha item type | Public note |
|---|---|---|---|---|---|---|---|---|---|---|---|---|---|
| Dewey Decimal Classification | Buone Condizioni | Not For Loan | PAULUS-BIBLIOTECA | PAULUS-BIBLIOTECA | 11/04/2012 | 276.8.3350 | 11/04/2012 | 11/04/2012 | LIBRO | Inserito da: Jole In data: 22 luglio 2011 fondo: Via A.Severo 56 Progr:24474 |